000 00470cam a2200193ua 4500
001 5067
005 20260515113830.0
008 120301n nyu |||gr||||Z||||||eng
020 _a0-19-283367-7
040 _cMAIN
082 _a823
100 _aDickens, Charles,
_eAuthor.
245 1 1 _aHard times
_cby Charles Dicken
250 _a1st.
260 _aNew York:
_bOxford University press,
_c1998.
300 _a430p:
_c15cm.
653 _aEnglish fiction
942 _cBK
999 _c4247
_d4247